| 000 | 00594nam a2200217 a 4500 | ||
|---|---|---|---|
| 005 | 20240924071138.0 | ||
| 008 | 120615s2008 mx r 000 0 spa d | ||
| 020 | _a9788421681596 | ||
| 035 | _aUPN01000185166 | ||
| 049 | _aCG | ||
| 050 | 4 |
_aPQ6651 L8.3 _bA4.3 |
|
| 100 | 1 |
_aÁlvarez, Luz, _d1961- _932351 |
|
| 245 | 1 | 0 |
_aAlba de Montnegre / _cLuz Alvarez. |
| 260 |
_aMadrid : _bBruño, _cc2008. |
||
| 300 |
_a170 p. : _bil. |
||
| 440 | 0 |
_aAlta mar. _pNovela histórica |
|
| 586 | _aPremio Lazarillo 2007 | ||
| 650 | 4 |
_aLiteratura española _95069 |
|
| 905 | _alibro | ||
| 999 |
_c157269 _d157269 |
||